000 00228nam a2200097Ia 4500
008 240331s9999 xx 000 0 und d
082 _bSAM
100 _aSaminathan, V
245 0 _aYuma vasukiyilirunthu samuthiram vari
942 _cL
999 _c4403
_d4403